Normal view
MARC view
Entry Meeting Name
001 - CONTROL NUMBER
- control field: 21435
003 - CONTROL NUMBER IDENTIFIER
- control field: OSt
005 - DATE AND TIME OF LATEST TRANSACTION
- control field: 20211105134554.0
008 - FIXED-LENGTH DATA ELEMENTS
- fixed length control field: 211105|| aca||aabn | a|a d
040 ## - CATALOGING SOURCE
- Original cataloging agency: OSt
- Transcribing agency: OSt
111 ## - HEADING--MEETING NAME
- Meeting name or jurisdiction name as entry element: Workshop on Infrared Space Interferometry-Astrophysics and the Study of Earth-Like Planets
- Location of meeting: Spain
- Date of meeting or treaty signing: 1996 Mar. 11-14
670 ## - SOURCE DATA FOUND
- Source citation: Work cat.: (OSt): Workshop on Infrared Space Interferometry-Astrophysics and the Study of Earth-Like Planets Spain 1996 Mar. 11-14, Infrared space interferometry-astrophysics and the study of earth-like planets, 1997